[Event "Challenge"]
[Site "http://www.queenalice.com/game.php?id=380194"]
[Date "2008.4.1"]
[Round "-"]
[White "caina16"]
[Black "upanchor"]
[Result "1-0"]
[WhiteElo "1637"]
[BlackElo "1230"]

1. e4 Nc6 2. Nf3 e5 3. Bc4 Nf6 4. Ng5 Ng8 5. Nxf7 Na5 6. Nxd8 Kxd8 7. Bd5 Nf6 8.
d3 c6 9. Bf7 Ng4 10. Qxg4 Bb4+ 11. c3 Rf8 12. Qg5+ Kc7 13. Qxe5+ Bd6 14. Qxa5+
b6 15. Qf5 g6 16. Qf6 Ba6 17. Bf4 Bxd3 18. Bxd6+ Kb7 19. Bxf8 Rxf8 20. Qg7 Rc8
21. Be6 Rc7 22. Qxh7 dxe6 23. Qxg6 a5 24. Qxe6 c5 25. Qd5+ Ka6 26. Qxd3+ c4 27.
Qd5 Rc5 28. Qxc5 bxc5 29. e5 Kb6 30. e6 Kc7 31. Kd2 Kd8 32. Re1 Ke7 33. f4 a4
34. Na3 Ke8 35. e7 1-0

[Event "U can run but U can't hide!"]
[Site "http://www.queenalice.com/game.php?id=380196"]
[Date "2008.4.1"]
[Round "-"]
[White "upanchor"]
[Black "AuntieRenie"]
[Result "0-1"]
[WhiteElo "1227"]
[BlackElo "1479"]

1. e4 d6 2. d4 Nd7 3. Ne2 c5 4. dxc5 Nxc5 5. f3 Nf6 6. Nf4 e5 7. Ne2 d5 8. Bg5
Be6 9. Nec3 Qa5 10. Nd2 d4 11. Nc4 Bxc4 12. Bxc4 dxc3 13. O-O cxb2 14. Rb1 Qb6
15. f4 Ncxe4+ 16. Kh1 Nf2+ 17. Kg1 Nxd1+ 18. Kh1 Nc3 19. Rxb2 Qxb2 20. Re1 h6
21. Rxe5+ Kd7 22. h4 hxg5 23. Rxg5 Rxh4+ 24. Kg1 Qb1+ 25. Bf1 Qxc2 26. Rg3 Bc5+
27. Re3 Bxe3# 0-1

[Event "glutton for punishment"]
[Site "http://www.queenalice.com/game.php?id=380621"]
[Date "2008.4.1"]
[Round "-"]
[White "Fischercat"]
[Black "upanchor"]
[Result "1-0"]
[WhiteElo "1741"]
[BlackElo "1233"]

1. b4 d5 2. d4 Nd7 3. Nc3 Ngf6 4. Nf3 e6 5. a3 b5 6. Nxb5 Rb8 7. Nxa7 Bb7 8. Bg5
Bd6 9. e3 Ne4 10. Bxd8 Rxd8 11. Qe2 O-O 12. g3 Ra8 13. Nb5 Ba6 14. c4 Bxb5 15.
cxb5 Nc3 16. Qc2 Ne4 17. Bd3 Bxb4+ 18. Kf1 Bc3 19. Rc1 Rxa3 20. Bxe4 dxe4 21.
Ne5 Nb6 22. Rb1 f6 23. Rb3 Ra1+ 24. Kg2 Be1 25. Nc4 Nd5 26. Rb1 Bc3 27. Rxa1
Bxa1 28. Rxa1 Nb4 29. Qa4 Nd3 30. b6 f5 31. bxc7 f4 32. Nd6 f3+ 33. Kh1 Nxf2+
34. Kg1 Nh3+ 35. Kf1 f2 36. Qa8 h5 37. Qxf8+ Kxf8 38. Ra8+ Ke7 39. c8=Q Kxd6 40.
Qc5+ Kd7 41. Ra7+ Ke8 42. Qe7# 1-0

[Event "Challenge"]
[Site "http://www.queenalice.com/game.php?id=382660"]
[Date "2008.4.5"]
[Round "-"]
[White "jcmobregon"]
[Black "upanchor"]
[Result "1-0"]
[WhiteElo "2167"]
[BlackElo "1231"]

1. c4 d6 2. g3 Nf6 3. Bg2 e5 4. Nf3 Be7 5. O-O O-O 6. Nc3 Be6 7. d3 Qd7 8. Ng5
h6 9. Nxe6 Qxe6 10. Bxb7 Nbd7 11. Bxa8 Rxa8 12. e4 Ng4 13. Nd5 Bf8 14. Nxc7 Qg6
15. h3 Ngf6 16. Nxa8 Nc5 17. b4 Nb7 18. Nc7 Nh5 19. Qg4 Qxg4 20. hxg4 Nf6 21. g5
hxg5 22. Bxg5 Ng4 23. f3 f6 24. Bd2 d5 25. fxg4 Nd6 26. Nxd5 Nf7 27. c5 Nh6 28.
g5 a5 29. gxh6 gxh6 30. Rxf6 Bg7 31. Re6 a4 32. Rf1 Kh7 33. Rf7 a3 34. Ree7 Kg6
35. Rxg7+ Kh5 36. Nf6# 1-0

[Event "Another round?"]
[Site "http://www.queenalice.com/game.php?id=382744"]
[Date "2008.4.5"]
[Round "-"]
[White "upanchor"]
[Black "kudd"]
[Result "0-1"]
[WhiteElo "1240"]
[BlackElo "1526"]

1. e4 e5 2. c3 Nf6 3. Nf3 Nc6 4. Ng5 h6 5. Nf3 Nxe4 6. Bd3 Nc5 7. O-O Nxd3 8.
Nh4 Qxh4 9. b4 Bd6 10. Ba3 b5 11. Qb3 e4 12. f3 Qxh2# 0-1

[Event "Challenge"]
[Site "http://www.queenalice.com/game.php?id=383286"]
[Date "2008.4.6"]
[Round "-"]
[White "upanchor"]
[Black "ROLAND"]
[Result "0-1"]
[WhiteElo "1236"]
[BlackElo "1493"]

1. e4 Nf6 2. Nc3 e5 3. Nf3 Nc6 4. Ng5 h6 5. Nh3 d6 6. Bb5 Bg4 7. f3 Bh5 8. O-O
a6 9. Ba4 b5 10. Bb3 a5 11. Nxb5 Qb8 12. Qe2 Qb6+ 13. Nf2 g5 14. d3 Qxb5 15. Bd2
a4 16. Bc4 Qxb2 17. Rad1 Qxc2 18. Rc1 Qb2 19. Nd1 Qb6+ 20. Rf2 a3 21. Nc3 Nb4
22. Na4 Rxa4 23. Bb3 Ra5 24. d4 Qxd4 25. Rxc7 Kd8 26. Rxf7 Bxf7 27. Bxf7 Qb2 28.
h3 d5 29. exd5 Qxa2 30. Qe3 Bc5 31. Qxe5 Bxf2+ 32. Kxf2 Qxd2+ 33. Kg3 Qf4+ 34.
Kf2 Qxe5 35. g3 a2 36. f4 gxf4 37. Kg2 Qe2+ 38. Kg1 a1=Q# 0-1

[Event "Challenge"]
[Site "http://www.queenalice.com/game.php?id=384063"]
[Date "2008.4.8"]
[Round "-"]
[White "upanchor"]
[Black "gordonpdx"]
[Result "0-1"]
[WhiteElo "1221"]
[BlackElo "1260"]

1. e4 e5 2. Nf3 Nc6 3. Bc4 h6 4. d4 exd4 5. O-O Qf6 6. Re1 d6 7. e5 dxe5 8. c3
Bd6 9. Nbd2 Bf5 10. Bb5 Ne7 11. cxd4 e4 12. Nxe4 Bxe4 13. Rxe4 O-O-O 14. d5 Nxd5
15. Qxd5 Rhe8 16. Ra4 Bxh2+ 17. Nxh2 Re1+ 18. Nf1 Rxd5 19. Rf4 Qe5 20. Rxf7 Qh5
21. Rf8+ Nd8 22. Be8 Qh4 23. a4 a6 24. Bf4 Rxa1 25. Rf7 Nxf7 26. f3 Rdd1 27.
Bxf7 Rxf1# 0-1

[Event "Challenge"]
[Site "http://www.queenalice.com/game.php?id=387436"]
[Date "2008.4.14"]
[Round "-"]
[White "upanchor"]
[Black "rdaigle2003"]
[Result "0-1"]
[WhiteElo "1243"]
[BlackElo "1639"]

1. e4 e5 2. Nf3 Nf6 3. c3 d6 4. Ng5 Bd7 5. Qb3 Be6 6. c4 b6 7. Qf3 h6 8. Nh3 Qd7
9. Qb3 Bxh3 10. gxh3 Nxe4 11. Qe3 f5 12. Bd3 Qc6 13. O-O Nd7 14. Qf3 Nef6 15.
Qxf5 Qc5 16. Qg6+ Kd8 17. Be4 Rb8 18. Nc3 Nxe4 19. d3 Nxc3 20. Be3 Qb4 21. bxc3
Qxc3 22. Rae1 Nc5 23. Qh5 Nxd3 24. Qh4+ Be7 25. Qg4 Nxe1 26. Qxg7 Kd7 27. Qg4+
Kc6 28. Qe4+ Kd7 29. Qf5+ Kd8 30. h4 Rg8+ 31. Kh1 Bxh4 32. Qh7 Re8 33. Qxh6 Be7
34. Qg6 c5 35. Qg1 Nf3 36. Qg2 e4 37. Qg4 Kc7 38. Qxe4 Rh8 39. Qxe7+ Kc6 40. Rd1
Rhd8 41. Bf4 Qxc4 42. Rxd6+ Kb5 43. a3 Qf1# 0-1

[Event "Bet a dollar to a doughnut?"]
[Site "http://www.queenalice.com/game.php?id=389835"]
[Date "2008.4.18"]
[Round "-"]
[White "upanchor"]
[Black "kudd"]
[Result "0-1"]
[WhiteElo "1222"]
[BlackElo "1517"]

1. e4 e5 2. Bc4 Nf6 3. Nc3 Bc5 4. Nf3 Qe7 5. d4 Bb4 6. dxe5 Nxe4 7. O-O Nxc3 8.
Qd4 Na4 9. Bb5 c5 10. Qd5 Nb6 11. Qd3 a6 12. Bc4 h6 13. Be3 Nc6 14. Rae1 Bxe1
15. Rxe1 Nxe5 16. Qe4 Nbxc4 17. b3 Nd6 18. Qxe5 Qxe5 19. Nxe5 f6 20. Ng6 b6 21.
Nxh8 Bb7 22. Rd1 Nb5 23. Ng6 Be4 24. Bf4 Bxg6 25. c4 Nc3 26. Re1+ Kf7 27. Bd2
Nxa2 28. Rd1 Bc2 29. Ra1 Bxb3 30. Rb1 Bxc4 31. Rxb6 Re8 32. Rd6 Be6 33. h4 h5
34. Rxa6 Rb8 35. Be1 Nc1 36. Ra5 Nd3 37. Bd2 Rb1+ 38. Kh2 Nxf2 39. Rxc5 Ne4 40.
Rc2 Nf2 41. Be3 Ng4+ 42. Kh3 Nxe3+ 43. Kh2 Nxc2 44. Kg3 Bd5 45. Kh3 Rg1 46. g3
Ne3 47. Kh2 Rg2+ 48. Kh3 Be6+ 49. g4 Bxg4# 0-1

[Event "Challenge"]
[Site "http://www.queenalice.com/game.php?id=390658"]
[Date "2008.4.20"]
[Round "-"]
[White "Drica"]
[Black "upanchor"]
[Result "1-0"]
[WhiteElo "1563"]
[BlackElo "1246"]

1. e4 e5 2. Qf3 Nf6 3. Bc4 Bc5 4. b3 O-O 5. Bb2 Nc6 6. Ne2 d6 7. Ba3 d5 8. exd5
Nd4 9. Nxd4 Bxd4 10. Nc3 e4 11. Qf4 Qd6 12. Bxd6 Bg4 13. Bxc7 Rae8 14. h3 a5 15.
hxg4 e3 16. Qxd4 Re7 17. Bxa5 Rfe8 18. dxe3 Nd7 19. Qd3 Nc5 20. Qd4 Nd7 21. Qd3
Ne5 22. Qxh7+ Kf8 23. Qh8# 1-0

[Event "Challenge"]
[Site "http://www.queenalice.com/game.php?id=391173"]
[Date "2008.4.21"]
[Round "-"]
[White "Fischercat"]
[Black "upanchor"]
[Result "1-0"]
[WhiteElo "1770"]
[BlackElo "1221"]

1. a4 h5 2. b4 g5 3. c4 Nc6 4. b5 Nb4 5. d4 a5 6. e4 Nf6 7. e5 e6 8. f3 h4 9. h3
Nh5 10. d5 exd5 11. cxd5 Bg7 12. f4 Nxf4 13. Bxf4 gxf4 14. Nf3 O-O 15. Bc4 Qe7
16. O-O Bxe5 17. Nxe5 Qxe5 18. Qg4+ Qg7 19. d6 cxd6 20. Rxf4 d5 21. Ra3 d6 22.
Qxh4 f6 23. Rg3 Qxg3 24. Qxg3+ Kf7 25. Be2 Rg8 26. Bh5+ Kf8 27. Rxf6+ Ke7 28.
Qxd6# 1-0

[Event "Challenge"]
[Site "http://www.queenalice.com/game.php?id=391432"]
[Date "2008.4.21"]
[Round "-"]
[White "AuntieRenie"]
[Black "upanchor"]
[Result "1-0"]
[WhiteElo "1533"]
[BlackElo "1228"]

1. c4 e5 2. Nc3 Nc6 3. Nf3 Nf6 4. e3 e4 5. Nd4 Bc5 6. Qc2 Ng4 7. Nxe4 O-O 8.
Nxc5 d6 9. Ncb3 Qh4 10. g3 Qe7 11. Qc3 b6 12. Nxc6 Qe4 13. Ne7+ Qxe7 14. Bg2 Re8
15. Bxa8 Ne5 16. O-O Bh3 17. Bg2 Be6 18. d4 Nxc4 19. d5 Bf5 20. Qxc4 a5 21. Nd4
Bg6 22. b3 c5 23. Nc6 Qf6 24. Bd2 Qb2 25. Bc3 Qc2 26. Rfc1 Qf5 27. Bb2 h5 28.
Qc3 f6 29. e4 Qg4 30. f3 Qg5 31. Bf1 h4 32. g4 Qf4 33. Be2 h3 34. Rf1 b5 35.
Bxb5 Bf7 36. Bc1 Qe5 37. Nxe5 dxe5 38. Bxe8 Bxe8 39. f4 exf4 40. Qxc5 Bg6 41.
Rxf4 Kh8 42. Qf2 Bh7 43. Qa7 Bg6 44. Ba3 Kg8 45. Qa8+ Kh7 46. Rf3 Bxe4 47. Rxh3+
Kg6 48. Qe8+ Kg5 49. Qh5+ Kf4 50. Rf1+ Bf3 51. Rfxf3+ Ke4 52. Qf5+ Kd4 53. Rd3#
1-0

[Event "Challenge"]
[Site "http://www.queenalice.com/game.php?id=391433"]
[Date "2008.4.21"]
[Round "-"]
[White "AuntieRenie"]
[Black "upanchor"]
[Result "1-0"]
[WhiteElo "1507"]
[BlackElo "1241"]

1. c4 c5 2. Nf3 Nf6 3. e3 Ne4 4. Bd3 f5 5. h4 Nc6 6. Nc3 e5 7. Bxe4 fxe4 8. Nxe4
Be7 9. b3 O-O 10. Bb2 d6 11. Qc2 Bf5 12. g4 Bxg4 13. Nfg5 Nb4 14. Qb1 Bf5 15. a3
Nc6 16. Qd1 Bxe4 17. Nxe4 g5 18. Nxg5 h6 19. Ne6 Qe8 20. Nxf8 Qxf8 21. Qg4+ Qg7
22. Qxg7+ Kxg7 23. Rg1+ Kf7 24. h5 Bh4 25. Rg6 Rf8 26. Rxh6 Rg8 27. Rxd6 Rg1+
28. Ke2 Rg7 29. Rd7+ Kg8 30. Rd5 Rg2 31. Rf1 Na5 32. Rxe5 Nxb3 33. Re8+ Kf7 34.
Rb8 Rh2 35. Bc3 Ke7 36. Rxb7+ Ke6 37. Rxb3 Kf5 38. Rb5 Kg4 39. Rxc5 Kh3 40. Be5
Rg2 41. h6 Rg5 42. h7 Kg2 43. h8=R Rf5 44. Rxh4 a6 45. Rg4+ Kh3 46. Rg3+ Kh4 47.
Rh1# 1-0

[Event "Challenge"]
[Site "http://www.queenalice.com/game.php?id=391434"]
[Date "2008.4.21"]
[Round "-"]
[White "AuntieRenie"]
[Black "upanchor"]
[Result "0-1"]
[WhiteElo "1503"]
[BlackElo "1219"]

1. c4 Nh6 2. d4 Nc6 3. d5 Ne5 4. Bf4 Neg4 5. h3 Nf6 6. e3 d6 7. g4 e5 8. Bxh6
gxh6 9. Bg2 Be7 10. Nc3 Bd7 11. Qb3 c5 12. Qxb7 Ng8 13. Qb3 Rb8 14. Qc2 Bh4 15.
Nf3 Rb4 16. Nxh4 Qxh4 17. Qd3 Rxb2 18. Ne4 Nf6 19. Nxf6+ Qxf6 20. O-O h5 21. Qa3
Re2 22. Qxa7 Ke7 23. Rab1 hxg4 24. Rb7 Kf8 25. Rxd7 gxh3 26. Be4 Rg8+ 27. Kh2
Rxf2+ 28. Rxf2 Qxf2+ 29. Kxh3 Qg3# 0-1

[Event "Challenge"]
[Site "http://www.queenalice.com/game.php?id=398702"]
[Date "2008.5.6"]
[Round "-"]
[White "upanchor"]
[Black "Fischercat"]
[Result "0-1"]
[WhiteElo "1224"]
[BlackElo "1839"]

1. c3 Na6 2. Nf3 Nh6 3. e4 Nc5 4. d4 Nxe4 5. Qb3 Ng4 6. Ng5 Nxg5 7. Be2 Nxf2 8.
Kxf2 Ne4+ 9. Ke1 d5 10. Bf4 e6 11. Bb5+ c6 12. Ba4 b5 13. c4 bxa4 14. Qxa4 Bd7
15. Na3 a5 16. c5 Be7 17. Be5 f6 18. Bf4 e5 19. Bd2 O-O 20. Rf1 Nxd2 21. Kxd2
exd4 22. Qxd4 f5 23. h3 Bg5+ 24. Kc2 f4 25. Rae1 Bf5+ 26. Kc1 f3+ 27. Kd1 Bf6
28. Qf4 Bh4 29. gxf3 Bc2+ 30. Kxc2 Rxf4 31. Nb1 Rc4+ 32. Kd1 Qg5 33. Nd2 Rxc5
34. f4 Qf6 35. Nb3 Qxb2 36. Nxc5 Bxe1 37. Kxe1 Re8+ 38. Kd1 Re2 0-1

[Event "Challenge"]
[Site "http://www.queenalice.com/game.php?id=400451"]
[Date "2008.5.9"]
[Round "-"]
[White "upanchor"]
[Black "widdlytinks"]
[Result "0-1"]
[WhiteElo "1214"]
[BlackElo "1715"]

1. e4 e5 2. Nf3 Nf6 3. Qe2 d6 4. Ng5 Be7 5. Qc4 O-O 6. d3 h6 7. Nf3 Be6 8. Qb4
b6 9. Qd2 c5 10. Be2 Nc6 11. O-O d5 12. exd5 Bxd5 13. Nc3 Nd4 14. Nxe5 Nxe2+ 15.
Qxe2 Re8 16. Na4 Bd6 17. d4 cxd4 18. Nd3 Rxe2 19. b3 Rxc2 20. Re1 Ne4 21. Bb2
Nxf2 22. Bxd4 Nxd3 23. Rad1 Bxh2+ 24. Kxh2 Rxg2+ 25. Kh1 Qh4# 0-1

[Event "Challenge"]
[Site "http://www.queenalice.com/game.php?id=407082"]
[Date "2008.5.23"]
[Round "-"]
[White "ROLAND"]
[Black "upanchor"]
[Result "1-0"]
[WhiteElo "1493"]
[BlackElo "1214"]

1. e4 e5 2. Nf3 Nf6 3. Nc3 Qe7 4. b3 Ng4 5. Nd5 Qe6 6. Nxc7+ Kd8 7. Nxe6+ fxe6
8. h3 Nf6 9. Nxe5 Nxe4 10. Nf7+ Ke8 11. Nxh8 Nc6 12. Qh5+ Kd8 13. Qxh7 d5 14. d3
Bb4+ 15. Ke2 Nd4+ 16. Ke3 e5 17. dxe4 Nxc2+ 18. Kf3 Nd4+ 19. Kg3 Bd7 20. Qxg7
1-0

[Event "Challenge"]
[Site "http://www.queenalice.com/game.php?id=411918"]
[Date "2008.6.2"]
[Round "-"]
[White "Drica"]
[Black "upanchor"]
[Result "1-0"]
[WhiteElo "1576"]
[BlackElo "1216"]

1. e4 e5 2. Qf3 Nf6 3. Bc4 Qe7 4. b3 Qc5 5. Nh3 Qd4 6. Qc3 Qxe4+ 7. Be2 Qxg2 8.
Qxe5+ Be7 9. Rg1 Qxh3 10. Rxg7 Nc6 11. Qxc7 Kf8 12. Rg5 Ne8 13. Qg3 d5 14. Rxd5
1-0

[Event "Challenge"]
[Site "http://www.queenalice.com/game.php?id=411920"]
[Date "2008.6.2"]
[Round "-"]
[White "Drica"]
[Black "upanchor"]
[Result "1-0"]
[WhiteElo "1574"]
[BlackElo "1218"]

1. e4 e5 2. Qf3 Nf6 3. Bc4 Nc6 4. Ne2 Nb4 5. Na3 Bc5 6. Qf5 d6 7. Qg5 h6 8. Qxg7
Rf8 9. Qxh6 Nxe4 10. d3 Nxf2 11. Rf1 Ng4 12. Qh5 d5 13. Bb3 Bd7 14. Bg5 Be7 15.
Bxe7 1-0